Carta de suelos de la República Argentina hoja Arizona, Departamento Gobernador Vicente Dupuy, Provincia de San Luis /

Guardado en:
Autor Corporativo: Instituto Nacional de Tecnología Agropecuaria (Argentina). Estación Experimental Agropecuaria San Luis.
Formato: Mapa
Idioma:Undetermined
Publicado: Buenos Aires : INTA, 1991.
Materias:
Etiquetas: Agregar Etiqueta
Sin Etiquetas, Sea el primero en etiquetar este registro!
LEADER 00933nem a22001695a 4500
001 EEA.libagro010171
005 20181102125927.0
008 141015s1991####ag########a#####1###und#d
082 0 4 |a 631.4782 
110 2 |a Instituto Nacional de Tecnología Agropecuaria (Argentina).  |b Estación Experimental Agropecuaria San Luis. 
245 1 0 |a Carta de suelos de la República Argentina  |h [material cartográfico] :  |b hoja Arizona, Departamento Gobernador Vicente Dupuy, Provincia de San Luis /  |c Instituto Nacional de Tecnología Agropecuaria, Estación Experimental Agropecuaria San Luis. 
255 |a Escala 1:100.000 
260 |a Buenos Aires :  |b INTA,  |c 1991. 
300 |a 102 p. :  |b il. ;  |c 27 cm. +  |e 4 cartas pleg. en sobre. y 1 h. guía de unidades cartográficas. 
505 0 |a Carta Arizona (a) -- Carta Arizona (b) -- Carta Arizona (c) -- Carta Arizona (d). 
651 7 |a Argentina 
859 |a AR-BbBCA  |b BIB. AGRONOMIA  |h 631.4782  |i A691 Arizona  |p 1993/1909